Mainstreaming Poverty-Environment Linkages Into Development Planning: (Record no. 6997)

000 -LEADER
fixed length control field 00406nam a22001217a 4500
008 - FIXED-LENGTH DATA ELEMENTS--GENERAL INFORMATION
fixed length control field 200408b ||||| |||| 00| 0 eng d
020 ## - INTERNATIONAL STANDARD BOOK NUMBER
International Standard Book Number 978-92-807-2962-7
245 ## - TITLE STATEMENT
Title Mainstreaming Poverty-Environment Linkages Into Development Planning:
Remainder of title A Handbook for practitioners/
Statement of responsibility, etc. UNDP,
Medium English.
260 ## - PUBLICATION, DISTRIBUTION, ETC. (IMPRINT)
Place of publication, distribution, etc. Nairobi:
Name of publisher, distributor, etc. UNDP-UNEP,
Date of publication, distribution, etc. 2009.
300 ## - PHYSICAL DESCRIPTION
Extent x, 118p;
Other physical details 30cm.-
650 ## - SUBJECT ADDED ENTRY--TOPICAL TERM
Source of heading or term ENVIRONMENT
942 ## - ADDED ENTRY ELEMENTS (KOHA)
Source of classification or shelving scheme
Koha item type BOOKS

No items available.

IRDP © 2019 :: Managed by IRDP ICT Unit